Özal'ı aşmak için (Record no. 8456)
[ view plain ]
| 000 -BAŞLIK | |
|---|---|
| Sabit Uzunlukta Kontrol Alanı | 00790na a2200289 4500 |
| 001 - KONTROL NUMARASI | |
| Denetim Alanı | 16652 |
| 003 - KONTROL NUMARASI IDENTIFIER | |
| Denetim Alanı | MIRAKIL |
| 005 - SON İŞLEM TARİHİ VE ZAMANI | |
| Denetim Alanı | 20181213155213.0 |
| 008 - SABİT-BOY VERİ ELEMANLARI - GENEL BİLGİLER | |
| Sabit Uzunlukta Kontrol Alanı | 161009b tu 000 0 |
| 020 ## - ULUSLARARASI STANDART KİTAP NUMARASI | |
| Uluslararası Standart Kitap Numarası | 975414026 |
| 035 ## - SİSTEM KONTROL NUMARASI | |
| Sistem Kontrol Numarası | 16652 |
| 040 ## - KATALOGLAMA KAYNAK | |
| Orijinal Kataloglama Ajansı | Milas |
| Kataloglama Dili | tur |
| Metne Dönüştürmek Ajansı | TR-AnCHP |
| 041 ## - DİL KODU | |
| Metin / Ses Parça Veya Ayrı Başlığın Dil Kodu | tur |
| 082 ## - DEWEY ONLU SINIFLANDIRMA NUMARASI | |
| Sınıflandırma Numarası | 320.9561 |
| Ürün Numarası | U48ö 1989 |
| 090 ## - SINIFLAMA NUMARASI | |
| Sınıflama Numarası | 320.9561 U48ö 1989 |
| 100 ## - ANA GİRİŞ - KİŞİSEL İSİM | |
| Kişisel Ad | Ulagay, Osman |
| 245 ## - BAŞLIK TABLOSU | |
| Başlık | Özal'ı aşmak için |
| Sorumluluk Tablosu, Vb | Osman Ulagay |
| 250 ## - EDITION TABLOSU | |
| Baskı Beyanı | 6. bs. |
| 260 ## - YAYIN, DAĞITIM, VB | |
| Yayın, Dağıtım, Vb Yeri | İstanbul |
| Yayıncı, Dağıtıcı, Vs Adı | AFA Yayınları |
| Yayın, Dağıtım, Vb Tarihi | 1989 |
| 300 ## - FİZİKSEL TANIM | |
| Kapsam | 136 s. |
| Boyutlar | 20 sm. |
| 440 ## - SERİSİ TABLOSU / KATMA GİRİŞİ - BAŞLIK | |
| Başlık | AFA yayınları |
| Hacim / Ardışık Tanımı | 78 |
| 490 ## - SERİSİ TABLOSU | |
| Seri Beyanı | AFA-21. Yüzyıla Doğru Dizisi |
| Hacim / Ardışık Tanımı | 78 |
| 600 ## - KONU KATMA GİRİŞ - KURUMSAL ADI | |
| Kişisel Ad | Özal, Turgut |
| Genel Alt Bölümü | Siyaset |
| 651 ## - KONU KATMA GİRİŞ - COĞRAFİ ADI | |
| Coğrafi İsim | Türkiye |
| Genel Alt Bölümü | Siyaset ve yönetim |
| Kronolojik Alt Bölümü | 1983-1989 |
| 651 ## - KONU KATMA GİRİŞ - COĞRAFİ ADI | |
| Coğrafi İsim | Türkiye |
| Genel Alt Bölümü | Siyaset |
| Kronolojik Alt Bölümü | 1923-1989 |
| 942 ## - EKLENDİ GİRİŞ ELEMANLARI (KOHA) | |
| Sınıflandırma Veya Raf Düzeni Kaynak | |
| Koha Öğesi Türü | Books |
| 999 ## - SİSTEM KONTROL NUMARALARI (KOHA) | |
| Koha Biblionumber | 8456 |
| Koha Biblioitemnumber | 8456 |
| Kalıcı Konum | Mevcut Konum | Edinme Tarihi | Edinim Kaynak | Toplam Check-Out'Lar | Tam Çağrı Numarası | Barkod | Tarih Son Görülme | İtibaren Geçerli Fiyatlar | Koha Öğesi Türü |
|---|---|---|---|---|---|---|---|---|---|
| CHP Kütüphanesi | CHP Kütüphanesi | 10/09/2016 | Bağış | 320.9561 U48ö 1989 | 006662 | 10/09/2016 | 10/09/2016 | Books |
